Gray's basic anatomy / (Record no. 118743)

MARC details
000 -LEADER
fixed length control field 00763cam a2200253Ma 4500
008 - FIXED-LENGTH DATA ELEMENTS--GENERAL INFORMATION
fixed length control field
020 ## - INTERNATIONAL STANDARD BOOK NUMBER
International Standard Book Number 9781455710782 (pbk.)
049 ## - LOCAL HOLDINGS (OCLC)
Holding library MAIN
090 ## - LOCALLY ASSIGNED LC-TYPE CALL NUMBER (OCLC); LOCAL CALL NUMBER (RLIN)
Classification number (OCLC) (R) ; Classification number, CALL (RLIN) (NR) QM23.2
Local cutter number (OCLC) ; Book number/undivided call number, CALL (RLIN) DRA
003 - CONTROL NUMBER IDENTIFIER
control field
005 - DATE AND TIME OF LATEST TRANSACTION
control field 20230120204204.0
040 ## - CATALOGING SOURCE
Transcribing agency NUST
100 1# - MAIN ENTRY--PERSONAL NAME
Personal name Drake, Richard L.
Fuller form of name (Richard Lee).
245 10 - TITLE STATEMENT
Title Gray's basic anatomy /
Statement of responsibility, etc. by Richard L. Drake, A. Wayne Vogl, Adam W.M. Mitchell.
260 ## - PUBLICATION, DISTRIBUTION, ETC.
Place of publication, distribution, etc. Edinburgh :
Name of publisher, distributor, etc. Churchill Livingstone,
Date of publication, distribution, etc. 2012.
300 ## - PHYSICAL DESCRIPTION
Extent xx, 610 p. :
Other physical details ill. (chiefly col.) ;
Dimensions 28 cm.
500 ## - GENERAL NOTE
General note Includes index.
650 #0 - SUBJECT ADDED ENTRY--TOPICAL TERM
Topical term or geographic name entry element Human anatomy.
650 12 - SUBJECT ADDED ENTRY--TOPICAL TERM
Topical term or geographic name entry element Anatomy.
700 1# - ADDED ENTRY--PERSONAL NAME
Personal name Vogl, Wayne.
700 1# - ADDED ENTRY--PERSONAL NAME
Personal name Mitchell, Adam W. M.
907 ## - LOCAL DATA ELEMENT G, LDG (RLIN)
a .b10364183
b 29-10-15
c 29-10-15
942 ## - ADDED ENTRY ELEMENTS (KOHA)
Koha item type Ordinary Loan Books
Call number prefix QM23.2
Call number suffix DRA
Holdings
Date last seen Total Checkouts Full call number Barcode Cost, replacement price Price effective from Koha item type Lost status Source of classification or shelving scheme Damaged status Not for loan Collection Withdrawn status Home library Current library Shelving location Date acquired Cost, normal purchase price
01/20/2023 33 QM23.2 VID 92004040851 80.00 01/20/2023 BOOKS   LCC     NFIC   MEDICAL MEDICAL GEN 01/20/2023 80.00